Mélanges d'histoire offerts à Henri Pirenne par ses anciens élèves et ses amis à l'occasion de sa quarantième année d'enseignement à l'Université de Gand 1886-1926. (Record no. 101670)

MARC details
000 -LEADER
campo de control de longitud fija 00809nam a2200205 i 4500
001 - NÚMERO DE CONTROL
campo de control 101670
003 - IDENTIFICADOR DE NÚMERO DE CONTROL
campo de control ES-MaACL
005 - FECHA Y HORA DE LA ÚLTIMA TRANSACCIÓN
campo de control 20250815062605.0
007 - CAMPO FIJO DE DESCRIPCIÓN FÍSICA--INFORMACIÓN GENERAL
campo de control de longitud fija t|
008 - DATOS DE LONGITUD FIJA--INFORMACIÓN GENERAL
campo de control de longitud fija 051021s1926 be ||||1| fre d
245 00 - MENCIÓN DEL TÍTULO
Título Mélanges d'histoire offerts à Henri Pirenne par ses anciens élèves et ses amis à l'occasion de sa quarantième année d'enseignement à l'Université de Gand 1886-1926.
260 ## - PUBLICACIÓN, DISTRIBUCIÓN, ETC.
Lugar de publicación, distribución, etc. Bruxelles :
Nombre del editor, distribuidor, etc. Vromant & Co ;
Lugar de publicación, distribución, etc. Paris :
Nombre del editor, distribuidor, etc. J. Poisson,
Fecha de publicación, distribución, etc. 1926.
300 ## - DESCRIPCIÓN FÍSICA
Extensión 2 vol., (XXXIX-678 p., IV p. de pl.) :
Otras características físicas retr., planos ;
Dimensiones 25 cm.
504 ## - NOTA DE BIBLIOGRAFÍA, ETC.
Nota de bibliografía, etc. Bibliographie de las obras de H. Pirenne: p. XXV-XXXIX.
600 04 - PUNTO DE ACCESO ADICIONAL DE MATERIA--NOMBRE DE PERSONA
Nombre de persona Pirenne, Henri.
9 (RLIN) 92343
650 #7 - PUNTO DE ACCESO ADICIONAL DE MATERIA--TÉRMINO DE MATERIA
Término de materia o nombre geográfico como elemento de entrada Historia universal
Fuente del encabezamiento o término embne
9 (RLIN) 13429
651 ## - PUNTO DE ACCESO ADICIONAL DE MATERIA--NOMBRE GEOGRÁFICO
Nombre geográfico Europa-
Subdivisión general Historia.
9 (RLIN) 8599
852 ## - LOCALIZACIÓN
Ubicación ES-MaACL
Número de control de estantería B-490-491
Holdings
Estatus retirado Estado de pérdida Estado de daño No para préstamo Biblioteca de origen Biblioteca actual Ubicación en estantería Fecha de adquisición Fuente de adquisición Total de préstamos Signatura topográfica completa Código de barras Visto por última vez Precio de reemplazo Tipo de ítem Koha
        Biblioteca del Ateneo de Madrid Biblioteca del Ateneo de Madrid Sala Pardo Bazán 17/01/2008     B-490-491 1106142 23/02/2023 23/02/2023 Libro impreso